20,000 leagues under the sea : (Record no. 8030)

MARC details
000 -LEADER
fixed length control field 00720nam a22002417a 4500
001 - CONTROL NUMBER
control field 8030
003 - CONTROL NUMBER IDENTIFIER
control field FISKH
005 - DATE AND TIME OF LATEST TRANSACTION
control field 20250819110001.0
008 - FIXED-LENGTH DATA ELEMENTS--GENERAL INFORMATION
fixed length control field 250819b cb ||||| |||| 00| 0 eng d
020 ## - INTERNATIONAL STANDARD BOOK NUMBER
International Standard Book Number 9780439056724
040 ## - CATALOGING SOURCE
Original cataloging agency FISKH
Language of cataloging eng
Transcribing agency FISKH
Modifying agency FISKH
050 ## - LIBRARY OF CONGRESS CALL NUMBER
Classification number PZ7.G82 A115
082 ## - DEWEY DECIMAL CLASSIFICATION NUMBER
Classification number 451
100 ## - MAIN ENTRY--PERSONAL NAME
Personal name Grant, Adam
245 ## - TITLE STATEMENT
Title 20,000 leagues under the sea :
Remainder of title A graphic classic (Read 180) /
Statement of responsibility, etc. By Adam Grant and Terry M. West
260 ## - PUBLICATION, DISTRIBUTION, ETC.
Place of publication, distribution, etc. New York :
Name of publisher, distributor, etc. Scholastic ,
Date of publication, distribution, etc. 1999.
300 ## - PHYSICAL DESCRIPTION
Extent 19 pages :
Other physical details color illustrations ;
Dimensions 19 cm .
490 ## - SERIES STATEMENT
Series statement Read 180
520 ## - SUMMARY, ETC.
Summary, etc. Nemo has created an amazing underwater world.
700 ## - ADDED ENTRY--PERSONAL NAME
Personal name Verne, Jules
Relator term Novelist
942 ## - ADDED ENTRY ELEMENTS (KOHA)
Source of classification or shelving scheme Dewey Decimal Classification
Koha item type Books
Suppress in OPAC No
Holdings
Withdrawn status Lost status Source of classification or shelving scheme Damaged status Not for loan Home library Current library Shelving location Date acquired Total Checkouts Full call number Barcode Date last seen Price effective from Koha item type
    Dewey Decimal Classification     Footprints International School Library Network Toul Tom Poung Campus Footprints International School Library Network Toul Tom Poung Campus TTP Comic Books all Levels 08/19/2025   GRA 451 PZ7.G82 A115 FISSE00897 08/19/2025 08/19/2025 Books